000
00453nam a22001217a 4500
003
SGT
082
_a
200
_b
P93V
100
_a
वर्णेकर, श्रीधर भास्कर
245
_a
प्रज्ञाभारतीयम : डॉ. श्री. भा. वर्णेकर महाश्यानां
260
_b
राष्ट्रीय स्वयंसेवक संघ
_c
1993
300
_a
660
942
_2
ddc
_c
BK
999
_c
31712
_d
31712